<?xml version="1.0" encoding="UTF-8"?>
<record
    xmlns:xsi="http://www.w3.org/2001/XMLSchema-instance"
    xsi:schemaLocation="http://www.loc.gov/MARC21/slim http://www.loc.gov/standards/marcxml/schema/MARC21slim.xsd"
    xmlns="http://www.loc.gov/MARC21/slim">

  <leader>02408nam a22002297a 4500</leader>
  <controlfield tag="001">6671</controlfield>
  <controlfield tag="003">FISKH</controlfield>
  <controlfield tag="005">20250520090722.0</controlfield>
  <controlfield tag="008">250520b        cb ||||| |||| 00| 0 eng d</controlfield>
  <datafield tag="040" ind1=" " ind2=" ">
    <subfield code="a">FISKH</subfield>
    <subfield code="b">khr</subfield>
    <subfield code="c">FISKH</subfield>
    <subfield code="d">FISKH</subfield>
  </datafield>
  <datafield tag="082" ind1=" " ind2=" ">
    <subfield code="a">530</subfield>
  </datafield>
  <datafield tag="100" ind1=" " ind2=" ">
    <subfield code="a">Heng, Kong</subfield>
  </datafield>
  <datafield tag="245" ind1=" " ind2=" ">
    <subfield code="a">&#x1780;&#x17C6;&#x1793;&#x17C2;&#x1784;&#x17B6;&#x1799;&#x1799;&#x179B;&#x17CB; &#x179C;&#x17B7;&#x1791;&#x17D2;&#x1799;&#x17B6;&#x179F;&#x17B6;&#x179F;&#x17D2;&#x179A;&#x17D2;&#x178F; &#x179A;&#x17BC;&#x1794;&#x179C;&#x17B7;&#x1791;&#x17D2;&#x1799;&#x17B6; &#x1790;&#x17D2;&#x1793;&#x17B6;&#x1780;&#x17CB;&#x1791;&#x17B8;&#x17E1;&#x17E0; : </subfield>
    <subfield code="b">&#x1782;&#x17D2;&#x179A;&#x1794;&#x17CB;&#x1798;&#x17C1;&#x179A;&#x17C0;&#x1793; &#x1782;&#x17D2;&#x179A;&#x1794;&#x17CB;&#x1780;&#x17C6;&#x179A;&#x17B7;&#x178F; /</subfield>
    <subfield code="c">&#x179A;&#x17C0;&#x1794;&#x179A;&#x17C0;&#x1784;&#x178A;&#x17C4;&#x1799; &#x1782;&#x1784;&#x17CB; &#x17A0;&#x17C1;&#x1784; &#x1793;&#x17B7;&#x1784; &#x179B;&#x17B8; &#x179C;&#x17C9;&#x17B6;&#x1793;&#x17CB;&#x1790;&#x17B6;&#x200B;</subfield>
  </datafield>
  <datafield tag="260" ind1=" " ind2=" ">
    <subfield code="a">&#x1797;&#x17D2;&#x1793;&#x17C6;&#x1796;&#x17C1;&#x1789; :</subfield>
    <subfield code="b">&#x179B;&#x17C4;&#x1780; &#x179B;&#x1793;&#x17CB; &#x179F;&#x17BB;&#x17B8;&#x178A;&#x17C2;&#x178F; , </subfield>
    <subfield code="c">&#x17E2;&#x17E0;&#x17E0;&#x17E8; .</subfield>
  </datafield>
  <datafield tag="300" ind1=" " ind2=" ">
    <subfield code="a">127 pages : </subfield>
    <subfield code="b">illustrations ; </subfield>
    <subfield code="c">15 cm . </subfield>
  </datafield>
  <datafield tag="520" ind1=" " ind2=" ">
    <subfield code="a">&#x179F;&#x17C0;&#x179C;&#x1797;&#x17C5;&#x1793;&#x17C1;&#x17C7;&#x1795;&#x17D2;&#x178F;&#x17C4;&#x178F;&#x179B;&#x17BE;&#x1780;&#x17B6;&#x179A;&#x179A;&#x17C0;&#x1794;&#x1785;&#x17C6; &#x1793;&#x17B7;&#x1784;&#x1785;&#x1784;&#x1785;&#x17B6;&#x17C6;&#x179A;&#x17BC;&#x1794;&#x1798;&#x1793;&#x17D2;&#x178F;&#x179F;&#x17C6;&#x1781;&#x17B6;&#x1793;&#x17CB;&#x17D7;&#x1793;&#x17C5;&#x1780;&#x17D2;&#x1793;&#x17BB;&#x1784;&#x179C;&#x17B7;&#x179F;&#x17D0;&#x1799;&#x179A;&#x17BC;&#x1794;&#x179C;&#x17B7;&#x1791;&#x17D2;&#x1799;&#x17B6; &#x178A;&#x17C2;&#x179B;&#x179F;&#x17B7;&#x179F;&#x17D2;&#x179F;&#x17A2;&#x17B6;&#x1785;&#x1794;&#x17D2;&#x179A;&#x17BE;&#x1794;&#x17D2;&#x179A;&#x17B6;&#x179F;&#x17CB;&#x1794;&#x17B6;&#x1793;&#x1799;&#x17C9;&#x17B6;&#x1784;&#x1798;&#x17B6;&#x1793;&#x1794;&#x17D2;&#x179A;&#x179F;&#x17B7;&#x1791;&#x17D2;&#x1792;&#x1797;&#x17B6;&#x1796;&#x1780;&#x17D2;&#x1793;&#x17BB;&#x1784;&#x1780;&#x17B6;&#x179A;&#x179F;&#x17B7;&#x1780;&#x17D2;&#x179F;&#x17B6; &#x1793;&#x17B7;&#x1784;&#x1794;&#x17D2;&#x179A;&#x17A1;&#x1784;&#x17D4; &#x179C;&#x17B6;&#x1794;&#x17C2;&#x1784;&#x1785;&#x17C2;&#x1780;&#x1787;&#x17B6;&#x1794;&#x17D2;&#x179A;&#x1792;&#x17B6;&#x1793;&#x1794;&#x1791;&#x179F;&#x17C6;&#x1781;&#x17B6;&#x1793;&#x17CB;&#x17D7;&#x178A;&#x17BC;&#x1785;&#x1787;&#x17B6; &#x179C;&#x17B7;&#x1789;&#x17D2;&#x1789;&#x17B6;&#x178E;&#x179C;&#x17B7;&#x1787;&#x17D2;&#x1787;&#x17B6;, &#x179C;&#x17B7;&#x1787;&#x17D2;&#x1787;&#x17B6;&#x179F;&#x1798;&#x17B6;&#x179F;&#x1797;&#x17B6;&#x1796;&#x1793;&#x17B7;&#x1784;&#x1785;&#x179B;&#x1793;&#x17B6;, &#x17A2;&#x17D0;&#x1796;&#x17D2;&#x1791;&#x1793;&#x17B7;&#x1784;&#x1780;&#x1798;&#x17D2;&#x179B;&#x17B6;&#x17C6;&#x1784;, &#x1793;&#x17B7;&#x1784;&#x179C;&#x17B7;&#x1787;&#x17D2;&#x1787;&#x17B6;&#x179F;&#x1798;&#x17B6;&#x179F;&#x1797;&#x17B6;&#x1796;&#x1795;&#x17D2;&#x179F;&#x17C1;&#x1784;&#x17D7;&#x17D4; &#x179F;&#x17C0;&#x179C;&#x1797;&#x17C5;&#x1793;&#x17C1;&#x17C7;&#x1795;&#x1784;&#x178A;&#x17C2;&#x179A; &#x1795;&#x17D2;&#x178F;&#x179B;&#x17CB;&#x1780;&#x17B6;&#x179A;&#x1796;&#x1793;&#x17D2;&#x1799;&#x179B;&#x17CB;&#x1781;&#x17D2;&#x179B;&#x17B8;&#x17D7; &#x1793;&#x17B7;&#x1784;&#x179A;&#x17BC;&#x1794;&#x1798;&#x1793;&#x17D2;&#x178F;&#x179F;&#x17C6;&#x1781;&#x17B6;&#x1793;&#x17CB;&#x17D7;&#x1780;&#x17D2;&#x1793;&#x17BB;&#x1784;&#x1798;&#x17BB;&#x1781;&#x179C;&#x17B7;&#x1787;&#x17D2;&#x1787;&#x17B6;&#x179A;&#x17BC;&#x1794;&#x179C;&#x17B7;&#x1791;&#x17D2;&#x1799;&#x17B6;&#x178A;&#x17C2;&#x179B;&#x17A2;&#x17B6;&#x1785;&#x1787;&#x17BD;&#x1799;&#x179F;&#x17B7;&#x179F;&#x17D2;&#x179F;&#x1799;&#x179B;&#x17CB;&#x1785;&#x17D2;&#x1794;&#x17B6;&#x179F;&#x17CB; &#x1793;&#x17B7;&#x1784;&#x17A2;&#x1793;&#x17BB;&#x179C;&#x178F;&#x17D2;&#x178F;&#x1794;&#x17B6;&#x1793;&#x178F;&#x17B6;&#x1798;&#x1780;&#x17B6;&#x179A;&#x179F;&#x17B7;&#x1780;&#x17D2;&#x179F;&#x17B6;&#x17D4; </subfield>
  </datafield>
  <datafield tag="520" ind1=" " ind2=" ">
    <subfield code="a">This book focuses on organizing and memorizing important physics formulas that students can use effectively for studying and exams. It is divided into key topics such as mechanics, motion and forces, light and energy, and other various physics concepts. The book also provides brief explanations and essential formulas in physics, which can help students understand clearly and apply them in their studies.</subfield>
  </datafield>
  <datafield tag="650" ind1=" " ind2=" ">
    <subfield code="a">&#x179C;&#x17B8;&#x1791;&#x17D2;&#x1799;&#x17B6;&#x179F;&#x17B6;&#x179F;&#x17D2;&#x179A;&#x17D2;&#x178F; &#x179A;&#x17BC;&#x1794;&#x179C;&#x17B7;&#x1791;&#x17D2;&#x1799;&#x17B6;&#x200B;</subfield>
  </datafield>
  <datafield tag="650" ind1=" " ind2=" ">
    <subfield code="a">Physical Science </subfield>
  </datafield>
  <datafield tag="942" ind1=" " ind2=" ">
    <subfield code="2">ddc</subfield>
    <subfield code="c">KHB</subfield>
    <subfield code="n">0</subfield>
  </datafield>
  <datafield tag="999" ind1=" " ind2=" ">
    <subfield code="c">6671</subfield>
    <subfield code="d">6671</subfield>
  </datafield>
  <datafield tag="952" ind1=" " ind2=" ">
    <subfield code="0">0</subfield>
    <subfield code="1">0</subfield>
    <subfield code="2">ddc</subfield>
    <subfield code="4">0</subfield>
    <subfield code="7">0</subfield>
    <subfield code="8">KH</subfield>
    <subfield code="a">002</subfield>
    <subfield code="b">002</subfield>
    <subfield code="c">SKB</subfield>
    <subfield code="d">2025-05-20</subfield>
    <subfield code="l">0</subfield>
    <subfield code="o">HEN 530</subfield>
    <subfield code="p">FISSE02631</subfield>
    <subfield code="r">2025-05-20 09:07:19</subfield>
    <subfield code="w">2025-05-20</subfield>
    <subfield code="y">KHB</subfield>
  </datafield>
</record>
